000 01635nam a2200361 a 4500
003 BLK
005 20230911150853.0
008 180411b bul|||||r ||||||| ||bul||
010 _aKNG00192897000
040 _aBLK
041 _aBUL
_cBUL
080 _aЖивопис
_b75
_z75
080 _aБиографии
_b929
_z929
100 1 _aВолински, Леонид
_949152
245 1 0 _aЗеленото дърво на живота
_cЛеонид Волински; прев. от рус. Александър Миланов, Михаил Берберов.
257 _aBGR
260 _bНар. младеж
_c1967
_aСофия
300 _a136 с.
_bс репрод.
_c18 см
380 _aX
500 _aПълното име на прев. Александър Миланов е Александър Миланов Александров. - 14 000 тир. - Попул. очерк за видни фр. художници-импресионисти от края на XIX в.
650 4 _aИмпресионизъм
_9157108
650 4 _aЖивопис, френска
_9250990
700 1 _aМиланов, Александър
_eпрев. от рус.
_gАлександров, Александър Миланов
_9363535
700 1 _aБерберов, Михаил
_eпрев. от рус.
_9384093
852 _aЦб І 9306
_bЦб
856 4 _qpdf
856 4 _qpdf
942 _cKNG
_n0
944 _aCR
_c13.10.2016
_k30542
_lРусанова Ирена
944 _aED
_c13.10.2016
_kСтанимира_Цанева
999 _c183950
_d183950
999 _d183950